000 00705nam a2200193 a 4500
001 000042695
005 20201002040331.0
008 140205s1999 gw 000 0 spa d
020 _a3934520006
040 _aDO-SdBNP
_bspa
_cBNPH
082 _axxxx
_bxxxx
100 1 _aBispo, Antonio Alexandre,
_d1949-
_970003
245 1 0 _aBrasil/Europa & Musicología /
_cA. A. Bispo ; Coordenados sob a dir. de Harald Hülskath. [Akademie Brasil-Europa für Kultur- und Wissenschaftswissenschaft].
260 _aKöln, Germany :
_bA. B. E.,
_c1999.
300 _a491 p. :
_bil. ;
_c21 cm.
490 1 _aAnais de ciência musical
500 _aBibliografía : p. 476-491
830 0 _aAnais de ciência musical
_970004
999 _c42184
_d42184